000 00412nam a2200157Ia 4500
008 151213s9999 xx 000 0 und d
100 _aJames A.F. Stoner & others
245 _aManagement
_cJames A.F. Stoner & others
250 _a6th
260 _aNew York
_bPrentice hall
_c2001
300 _a1145 p.
650 _aManagement
650 _aManagement
700 _aJames A.F. Stoner & others
999 _c1044
_d1044